000 00663nam a22001937a 4500
003 OSt
005 20240830155930.0
008 240830b ||||| |||| 00| 0 eng d
040 _cAIMIT LIBRARY
100 _aBhavish
_e2216036
_9178304
245 _a Empirical study on the service delivery of KMF Nandini /
_cBy Bhavish ; Guided by Gowthami
260 _aMangalore ;
_c2024.
650 _aReview of literature
_9178305
650 _aResearch methodology
_9178306
650 _aFindings and managerial implications
_9178307
700 _aGowthami
_eGuide
_9178308
856 _3Dakshina Knnada Co-operative Milk Producers Ltd
_uwww.dkmul.com
942 _2ddc
_cPRO
999 _c231668
_d231668